Sustainability of Construction Materials / (Record no. 169893)

MARC details
000 -LEADER
fixed length control field 00927nam a2200289 a 4500
008 - FIXED-LENGTH DATA ELEMENTS--GENERAL INFORMATION
fixed length control field
020 ## - INTERNATIONAL STANDARD BOOK NUMBER
International Standard Book Number 9780081009956 (hardback)
040 ## - CATALOGING SOURCE
Original cataloging agency NUST
Transcribing agency NUST
049 ## - LOCAL HOLDINGS (OCLC)
Holding library MAIN
090 ## - LOCALLY ASSIGNED LC-TYPE CALL NUMBER (OCLC); LOCAL CALL NUMBER (RLIN)
Classification number (OCLC) (R) ; Classification number, CALL (RLIN) (NR) TA403
Local cutter number (OCLC) ; Book number/undivided call number, CALL (RLIN) SUS
003 - CONTROL NUMBER IDENTIFIER
control field
005 - DATE AND TIME OF LATEST TRANSACTION
control field 20230123141228.0
245 10 - TITLE STATEMENT
Title Sustainability of Construction Materials /
Statement of responsibility, etc. edited by Khatib, Jamal M.
260 ## - PUBLICATION, DISTRIBUTION, ETC.
Place of publication, distribution, etc. United Kingdom :
Name of publisher, distributor, etc. Elsevier,
Date of publication, distribution, etc. 2016
300 ## - PHYSICAL DESCRIPTION
Extent Second Edition.
300 ## - PHYSICAL DESCRIPTION
Extent xx, 740 pages :
Other physical details illustrations ;
Dimensions 24 cm
336 ## - CONTENT TYPE
Content type term text
Content type code txt
Source rdacontent
337 ## - MEDIA TYPE
Media type term unmediated
Media type code n
Source rdamedia
338 ## - CARRIER TYPE
Carrier type term volume\bn
Source rdacarrier
440 ## - SERIES STATEMENT/ADDED ENTRY--TITLE
Title Woodhead Publishing Series in civil and Structural Engineering;
Volume/sequential designation number 70
500 ## - GENERAL NOTE
General note Includes index.
650 #1 - SUBJECT ADDED ENTRY--TOPICAL TERM
Topical term or geographic name entry element Construction.
650 ## - SUBJECT ADDED ENTRY--TOPICAL TERM
Topical term or geographic name entry element Construction Materials.
700 ## - ADDED ENTRY--PERSONAL NAME
Personal name Khatib, Jamal M.
907 ## - LOCAL DATA ELEMENT G, LDG (RLIN)
a .b10412025
b 01-11-21
c 01-11-21
942 ## - ADDED ENTRY ELEMENTS (KOHA)
Koha item type Ordinary Loan Books
Call number prefix TA403
Call number suffix SUS
Holdings
Date last seen Total Checkouts Full call number Barcode Cost, replacement price Price effective from Koha item type Lost status Source of classification or shelving scheme Damaged status Not for loan Collection Withdrawn status Home library Current library Shelving location Date acquired Cost, normal purchase price
01/23/2023   TA403 SUS 92004050265 80.00 01/23/2023 BOOKS   LCC     NFIC   MAIN MAIN GEN 01/23/2023 80.00